Florante at Laura: sa larangan ng pag-ibig / by Francisco Balagtas. (Record no. 21667)
| 000 -LEADER | |
|---|---|
| fixed length control field | 00346nam a22001097a 4500 |
| 020 ## - INTERNATIONAL STANDARD BOOK NUMBER | |
| ISBN | 9789710502547 |
| 100 ## - MAIN ENTRY--AUTHOR NAME | |
| Personal name | Balagtas, Francisco |
| 245 ## - TITLE STATEMENT | |
| Title | Florante at Laura: sa larangan ng pag-ibig / by Francisco Balagtas. |
| 260 ## - PUBLICATION, DISTRIBUTION, ETC. (IMPRINT) | |
| Place of publication | Quezon City, Philippines: |
| Name of publisher | Mindmaster Publishing, Inc., |
| Year of publication | c2015. |
| 300 ## - PHYSICAL DESCRIPTION | |
| Number of Pages | 55 pages: |
| Other physical details | illustrations. |
| 942 ## - ADDED ENTRY ELEMENTS (KOHA) | |
| Koha item type | Books |
| Source of acquisition | Permanent Location | Date acquired | Koha item type | Collection code | Accession Number | Lost status | Shelving location | Withdrawn status | Current Location | Full call number |
|---|---|---|---|---|---|---|---|---|---|---|
| Donations | Cagayan State University - Carig Library | 2026-01-20 | Books | Children Section | C000453 | Children Section | Cagayan State University - Carig Library | CS C453 B1713 2015 |